00795nam a22002535a 4500001001000000005001700010008004100027010001500068020001800083040001300101041001800114050002400132100002200156245007200178260003400250300002400284504004100308546005900349650002800408650003300436740003600469942001700505999001900522FIB02286620141022162754.0090213s2008 ph 000 0 eng  a2009316129 a9789712721311 aDLCcDLC0 aengatglaspa aDS 675.8b.Oc1 20081 aOcampo, Ambeth R.10aMakamisa :bthe search for Rizal's third novel /cAmbeth R. Ocampo. aManila :bAnvil Pub.,cc2008. a152 pages ;c23 cm. aIncludes bibliographical references. aIn English, with some articles in Tagalog and Spanish. aRizal, Jose, 1861-1896. aRizal, JosexLiterary works. aSearch for Rizal's third novel. 2lcccBKkLOC c276685d276685